Zbierka príkladov z ekonomiky pre učebné odbory

Salvato in:
Dettagli Bibliografici
Autore principale: Hartmannová, Eva
Altri autori: Jakubeková, Miroslava
Natura: Libro
Lingua:slovacco
Pubblicazione: Bratislava Slovenské pedagogické nakladateľstvo - Mladé letá, s.r.o. 2006
Soggetti:
Tags: Aggiungi Tag
Nessun Tag, puoi essere il primo ad aggiungerne!!

MARC

LEADER 00000nam$a2200000$$$4500
001 0059406
005 20240318130117.6
020 |a 80-10-00366-2 
041 0 |a slo 
044 |a SK 
245 1 0 |a Zbierka príkladov z ekonomiky pre učebné odbory  |c Eva Hartmannová, Miroslava Jakubeková 
264 1 |a Bratislava  |b Slovenské pedagogické nakladateľstvo - Mladé letá, s.r.o.  |c 2006 
300 |a 80 s. 
610 2 0 |a ekonómia 
610 2 0 |a veda ekonomická 
610 2 0 |a pojmy 
610 2 0 |a trh 
610 2 0 |a hospodárstvo národné 
610 2 0 |a podnik 
610 2 0 |a podnikanie 
610 2 0 |a výsledok hospodársky 
610 2 0 |a výroba 
610 2 0 |a marketing 
610 2 0 |a personalistika 
610 2 0 |a manažment 
610 2 0 |a vzťahy medzipodnikové 
100 1 |a Hartmannová, Eva 
700 1 |a Jakubeková, Miroslava